Das Ungarnbild der deutschen Presse 1989 - dargestellt an den Beiträgen des Deutschen Nachrichtenmagazins "Der Spiegel"

Elmentve itt :
Bibliográfiai részletek
Szerző: Mazán Edit
További közreműködők: Sulyokné Nagy Zsuzsanna (Témavezető)
Dokumentumtípus: Szakdolgozat
Megjelent: 1991
Tárgyszavak:
Online Access:http://diploma.bibl.u-szeged.hu/78504
LEADER 00615nta a2200157 i 4500
001 dipl78504
005 20200623115313.0
008 190710s1991 hu om 0|| ger d
040 |a SZTE Diploma Repozitórium  |b hun 
041 |a ger 
100 1 |a Mazán Edit 
245 1 4 |a Das Ungarnbild der deutschen Presse 1989 - dargestellt an den Beiträgen des Deutschen Nachrichtenmagazins "Der Spiegel"  |h [elektronikus dokumentum] /  |c Edit Mazán 
260 |c 1991 
650 4 |a Pedagógusképzés 
700 2 |a Sulyokné Nagy Zsuzsanna  |e ths 
856 4 0 |u http://diploma.bibl.u-szeged.hu/id/eprint/78504/1/1991_mazan_edit.pdf  |z Dokumentum-elérés